000 00436nam a22001697a 4500
005 20230314112322.0
008 160119b xxu||||| |||| 00| 0 eng d
040 _aLoreto College
082 _a891.44
_bDAS
100 _aDasgupta Sasivusan
_qSasibhusan Dasgupta
245 _aSahityer Swarup
_cSasibhusan Dasgupta
260 _aKolkata
_bSree guru library
300 _a159p.
650 _aBengali
850 _aLCLIB
942 _cBK
999 _c40388
_d90867